|
|
|
|
| LEADER |
00000cas a2200000 a 4500 |
| 001 |
vtls010298655 |
| 003 |
SK-MaSNL |
| 005 |
20260228163443.0 |
| 008 |
200401d19301938xo wr|p 0 b0slo |
| 040 |
|
|
|a SNK
|b slo
|c SNK
|e AACR2
|
| 041 |
0 |
|
|a slo
|
| 043 |
|
|
|a e-xo---
|
| 044 |
|
|
|a xo
|c SK
|
| 072 |
|
7 |
|a 316
|x Sociológia
|2 konspekt
|
| 080 |
|
|
|a 374
|2 2001
|
| 080 |
|
|
|a 908(437.6)
|2 2001
|
| 080 |
|
|
|a 050
|2 2001
|
| 080 |
|
|
|a 316.728
|2 2001
|
| 245 |
0 |
0 |
|a Šariš
|b nepolitický týždenník pre spoločenský, kultúrny a hospodársky život
|
| 260 |
|
|
|a Prešov
|b Okresný osvetový sbor
|c 1930-1938
|
| 260 |
3 |
|
|3 27/1932-50/1938
|a Prešov
|b Národohospodársky sbor pre Šariš
|
| 300 |
|
|
|a 9 zv.
|c 41 cm
|
| 310 |
|
|
|a 1x týždenne
|
| 362 |
0 |
|
|a Roč. I, č. 1 (4.1.1930)-roč. IX, č. 50 (24.12.1938)
|
| 500 |
|
|
|a Redaktori sa menia
|
| 500 |
|
|
|a Vyd. Okresný osvetový sbor v Prešove; od č. 27/(2. júla 1932) Národohospodársky sbor pre Šariš a s. o. v Prešove
|
| 500 |
|
|
|a Tlač. Kníhtlačiareň Pallas
|
| 650 |
0 |
7 |
|a osveta
|2 SNKPH
|9 16992
|
| 650 |
0 |
7 |
|a kultúra
|2 SNKPH
|9 886
|
| 650 |
0 |
7 |
|a spoločenský život
|2 SNKPH
|9 28654
|
| 650 |
0 |
7 |
|a spoločnosť
|2 SNKPH
|9 1013
|
| 655 |
|
7 |
|a spoločenské časopisy
|2 SNKPH
|9 70515
|
| 910 |
|
|
|a snk
|
| 916 |
|
|
|a 1930-1933, 1934, 1935-1938
|
| 999 |
|
|
|c 9451
|d 11381
|
| 952 |
|
|
|0 0
|1 0
|4 0
|7 0
|8 3
|a SNK
|b SNK
|d 2010-02-23
|f 1
|i snkK 2383/75
|l 0
|o snkČSA 106/1/1930
|p 17A0349178
|r 2026-02-21 19:42:51
|t č. 1-50
|w 2026-02-21
|y PREZ
|
| 952 |
|
|
|0 0
|1 0
|4 0
|7 0
|8 5
|a SNK
|b SNK
|d 2010-02-23
|f 1
|i snkF 4628/78
|l 0
|o snkČSA 106/4/1933
|p 17A0157263
|r 2026-02-21 19:42:51
|t č. 1-50
|w 2026-02-21
|y PREZ
|
| 952 |
|
|
|0 0
|1 0
|4 0
|7 0
|8 3
|a SNK
|b SNK
|d 2015-07-27
|f 1
|i snkK 2391/75
|l 0
|o snkČSA 106/9/1938
|p 17A0722692
|r 2026-02-21 19:46:00
|t č. 1-50
|w 2026-02-21
|y PREZ
|
| 952 |
|
|
|0 0
|1 0
|4 0
|7 0
|8 3
|a SNK
|b SNK
|d 1996-12-03
|f 1
|i snkK 2384/75
|l 0
|o snkČSA 106/2/1931
|p 17A0024930
|r 2005-01-01 00:00:00
|t č. 1-50
|w 2026-02-21
|y PREZ
|
| 952 |
|
|
|0 0
|1 0
|4 0
|7 0
|8 3
|a SNK
|b SNK
|d 2012-09-17
|i snkK 2385/75
|l 0
|o snkČSA 106/3/1932 D1
|p 17A1019642
|r 2026-02-21 20:23:47
|w 2026-02-21
|y PREZ
|
| 952 |
|
|
|0 0
|1 0
|3 chýba č. 23, 25, 26, 28-31, 33, 35
|4 0
|7 0
|a SNK
|b SNK
|d 2013-07-09
|i snk1701/43
|l 0
|o snkČSA 106/4/1933 D1
|p 17A0297358
|r 2026-02-21 21:02:39
|t č. 1-50, neúplný
|w 2026-02-21
|y PREZ
|z chýba č. 23, 25, 26, 28-31, 33, 35
|
| 952 |
|
|
|0 0
|1 0
|4 0
|7 0
|a SNK
|b SNK
|d 2001-03-30
|l 0
|o snkČSA 106/2/1931 D1
|p 17A0294439
|r 2005-01-01 00:00:00
|t č. 1-19
|w 2026-02-21
|y PREZ
|
| 952 |
|
|
|0 0
|1 0
|4 0
|7 0
|a SNK
|b SNK
|d 2001-11-26
|f 1
|i snk2101/33
|l 0
|o snkČSA 106/3/1932
|p 17A0233946
|r 2005-01-01 00:00:00
|t č. 1-50
|w 2026-02-21
|y PREZ
|
| 952 |
|
|
|0 0
|1 0
|4 0
|7 0
|a SNK
|b SNK
|d 2001-11-26
|l 0
|o snkČSA 106/4/1933 D1
|p 17A0114458
|r 2005-01-01 00:00:00
|w 2026-02-21
|y PREZ
|
| 952 |
|
|
|0 0
|1 0
|4 0
|7 0
|8 3
|a SNK
|b SNK
|d 2001-11-26
|f 1
|i snkK 2388/75
|l 0
|o snkČSA 106/6/1935
|p 17A0078745
|r 2005-01-01 00:00:00
|t č. 1-50
|w 2026-02-21
|y PREZ
|
| 952 |
|
|
|0 0
|1 0
|4 0
|7 0
|a SNK
|b SNK
|d 2001-11-26
|l 0
|o snkČSA 106/9/1938 D1
|p 17A0124364
|r 2005-01-01 00:00:00
|w 2026-02-21
|y PREZ
|
| 952 |
|
|
|0 0
|1 0
|4 0
|7 0
|8 3
|a SNK
|b SNK
|d 2002-07-04
|i snkK 550/93
|l 0
|o snkČSA 106/1/1930 D1
|p 17A0648388
|r 2005-01-01 00:00:00
|t č. 1-50, neúplné
|w 2026-02-21
|y PREZ
|z Je len č. 31
|
| 952 |
|
|
|0 0
|1 0
|4 0
|7 0
|8 3
|a SNK
|b SNK
|d 2002-07-04
|f 1
|i snkK 2387/75
|l 0
|o snkČSA 106/5/1934
|p 17A0349174
|r 2005-01-01 00:00:00
|t č. 1-49
|w 2026-02-21
|y PREZ
|
| 952 |
|
|
|0 0
|1 0
|4 0
|7 0
|8 3
|a SNK
|b SNK
|d 2002-07-04
|f 1
|i snkK 2390/75
|l 0
|o snkČSA 106/8/1937
|p 17A0349168
|r 2005-01-01 00:00:00
|t č. 1-50
|w 2026-02-21
|y PREZ
|
| 952 |
|
|
|0 0
|1 0
|4 0
|7 0
|8 3
|a SNK
|b SNK
|d 2002-07-04
|f 1
|i snkK 2389/75
|l 0
|o snkČSA 106/7/1936
|p 17A0349180
|r 2005-01-01 00:00:00
|t č. 1-49
|w 2026-02-21
|y PREZ
|
| 952 |
|
|
|0 0
|1 0
|4 0
|7 0
|a SNK
|b SNK
|d 2015-06-23
|i snk1816/43
|l 0
|o snkČSA 106/2/1931 D1
|p 17A1075012
|r 2026-02-21 21:46:05
|t č. 1-50, neúplný
|w 2026-02-21
|y PREZ
|z chýba č. 1-19
|